Paula Hartmann - Babyblau Lyrics - Statistiken

Allgemein
  • Dieses Quiz wurde 13 mal gespielt
  • Das Durchschnittsergebnis liegt bei 81 aus 126
Antwortstatistiken
Antwort % Korrekt
babyblaue
100%
Babyblaues
100%
Cabrio
100%
Komme
100%
komme
100%
nie
100%
spät
100%
zu
100%
aber
88%
im
88%
immer
88%
und
88%
Vibes
88%
Zeit
88%
auf
75%
in
75%
Kopf
75%
lass
75%
mei'm
75%
mir
75%
Studio
75%
Cider
63%
dann
63%
Dienstagaben
63%
dir
63%
Dosen
63%
draußen
63%
Drei
63%
du
63%
es
63%
Fahrtwind
63%
geht
63%
grad
63%
Hamburg
63%
ist
63%
Leben
63%
leben
63%
lebt
63%
legt
63%
leichter
63%
meine
63%
Meine
63%
noch
63%
schlafen
63%
sich
63%
Sonne
63%
Späti
63%
unter
63%
vier
63%
weiter
63%
wir
63%
Airforce
50%
Box
50%
Crew
50%
deiner
50%
Licht
50%
Lila
50%
mehr
50%
schmilzt
50%
stellst
50%
vor
50%
warm
50%
weg
50%
weil
50%
Candy-Necklace
38%
dem
38%
ei'm
38%
Leo-Hose
38%
tooloudfortheroom
38%
wertvoll
38%
Zuckerleben
38%
alleine
25%
bisschen
25%
Eistee
25%
Heimweg
25%
Heimweh
25%
Kabel
25%
Kopfhörer
25%
Mische
25%
mit
25%
Wodka
25%
Keine übereinstimmenden Quizze gefunden
Verteilung der Resultate
Anzahl Personen mit jedem Resultat
Perzentil nach korrekt beantworteten Fragen
Ihre Resultats-Entwicklung
Sie haben dieses Quiz noch nicht gespielt